It looks like you're offline.
Open Library logo
additional options menu

MARC Record from Scriblio

Record ID marc_records_scriblio_net/part10.dat:163650792:790
Source Scriblio
Download Link /show-records/marc_records_scriblio_net/part10.dat:163650792:790?format=raw

LEADER: 00790cam 2200265 i 4500
001 78024410 //r842
003 DLC
005 19840816000000.0
008 781024s1979 mdua b 00110 eng
010 $a 78024410 //r842
020 $a068303961X
050 0 $aRM300$b.H47 1979
060 $aWB330 C641
082 0 $a615.5/8$219
100 10 $aHerfindal, Eric T.
245 10 $aClinical pharmacy and therapeutics /$cedited by Eric T. Herfindal, Joseph L. Hirschman.
250 $a2d ed.
260 0 $aBaltimore :$bWilliams & Wilkins,$cc1979.
300 $axvi, 719 p. :$bill. ;$c26 cm.
504 $aIncludes bibliographical references and index.
650 0 $aChemotherapy.
650 0 $aTherapeutics.
650 2 $aDrug therapy.
650 2 $aTherapeutics.
700 10 $aHirschman, Joseph L.